000 01942nam0a2200373 4500
001 RU\NLR\BIBL_A\022567864
005 20250804115248.0
010 _a978-5-7228-0287-3
_9100
021 _aRU
_bКН-П-25-023216
_9КН-П-25-2333
035 _a(NLR Aleph) 022567864
090 _a13461563
_c13461563
100 _a20250617d2024 u y0rusy50 ca
101 0 _arus
102 _aRU
105 _aach z 010yy
181 0 _ai3
_baxxe
181 0 _ab1
_bxb2e
182 0 _an
200 1 _a"Непобедимый город над Невой..."
_eблокада Ленинграда, 1941-1944
_eархивные документы и материалы
_e[к 80-летию полного освобождения Ленинграда от фашистской блокады]
_fПравительство Москвы
_g[под общей редакцией Я. А. Онопенко]
203 _aТекст
_aИзображение
_bвизуальные
_cнепосредственные
210 _aМосква
_cЦентр полиграфических услуг "Радуга"
_d2024
215 _a606, [1] с.
_cил., цв. ил., портр., факс.
_d30
320 _aБиблиогр. в подстроч. примеч.
327 1 _aСодерж. разд.: Героическая оборона Ленинграда ; Город–Фронт ; Лики Блокады
606 1 _aБлокада Ленинграда
_z1941 - 1944
_jДокументы и материалы
_2nlr_sh1
_2nlr_sh2
_3RU\NLR\AUTH\661253360
686 1 _aТ3(2)722.721,011
686 1 _aЦ35(2)722.11(2Р-4Ле-2Ленинград),011
702 1 _aОнопенко
_bЯ. А.
_f1978-
_gЯрослав Аксентьевич
_4340
712 0 1 _aМосква
_bПравительство
_3RU\NLR\AUTH\8810004940
_4570
942 _cBOOK
980 _aNB